LEADER 01111nam a2200241 4500 001 000000361872 003 CaOOAMICUS 005 20250228090655.0 008 250228s2024 it 000 u ita r 020 $a978-88-6894-741-5 040 $aSeMil$bita 245 12$aL'abc del Giubileo 2025 :$bpellegrini di speranza in terra lombarda /$cChiese di Lombardia ; con la prefazione dell'arcivescovo di Milano Mario Delpini. 264 1$a[Milano] :$bCentro Ambrosiano,$c2024. 300 $a114 p. ;$c19 cm 700 1 $aDelpini, Mario,$c.$0(OLS)http://semarc/name/90660 710 1 $aChiese di Lombardia.$0(OLS)http://semarc/name/121569 850 $aSeMil 852 $aSeMil$W1$xVenegono$y1$m5D IV 1/24$j254875$B252812$CSeMilBibl$Z2$F252812 $81 961 $aScanziani don Francesco - Omaggio 996 $6020$a978-88-6894-741-5$9(OLS)http://semarc/number/302582 996 $6245$aL'abc del Giubileo 2025 :$bpellegrini di speranza in terra lombarda$9(OLS)http://semarc/title/452702 996 $6264$a[Milano] :$bCentro Ambrosiano$9(OLS)http://semarc/publisher/58345 LEADER 01024nam a2200253 i 4500 001 000000076376 003 CaOOAMICUS 005 20071001000000.0 008 071001s1970 it u000 u ita u 013 $a47548 040 $aSeMil$bita 100 1 $aLagorio, Gina <1922-2005>.$0(OLS)http://semarc/name/4079 245 10$a[Fenoglio /$cdi Gina Lagorio]. 260 $aFirenze :$bLa Nuova Italia,$c1970. 300 $a171 p. ;$c17 cm. 490 0 $aIl castoro ;$v37 500 $aContiene : Note bibliografiche ; Note biografiche. - Manca il Frontespizio. - Dati ripresi dalla copertina. 600 14$aFenoglio, Beppe <1922-1963>.$0(OLS)http://semarc/subject/15085 830 3$aIl castoro ;$v37.$0(OLS)http://semarc/title/659 850 $aSeMil 852 $aSeMil$W1$xVenegono$y1$m1L II 34$j42528$B42528$CSeMilBibl$Z2$F42532 $81 961 $aOmaggio: Ghiringhelli prof. Livio 996 $6245$a[Fenoglio$9(OLS)http://semarc/title/123783 996 $6260$aFirenze :$bLa Nuova Italia$9(OLS)http://semarc/publisher/30055